Influence of sun's radiation and particles on the earth's atmosphere and climate (Record no. 16051)

MARC details
000 -LEADER
fixed length control field 00722nam a2200169Ia 4500
003 - CONTROL NUMBER IDENTIFIER
control field IN-BaIIA
008 - FIXED-LENGTH DATA ELEMENTS--GENERAL INFORMATION
fixed length control field 211028s9999 xx 000 0 eng d
040 ## - CATALOGING SOURCE
Transcribing agency IIA Library
080 ## - UNIVERSAL DECIMAL CLASSIFICATION NUMBER
Universal Decimal Classification number 523.9:523.31-852
Item number INF
111 ## - MAIN ENTRY--MEETING NAME
Meeting name or jurisdiction name as entry element Committee on Space Research Scientific Assembly
Number of part/section/meeting 35th
Location of meeting Paris
Date of meeting or treaty signing 2004 July 18-24
9 (RLIN) 29688
245 #0 - TITLE STATEMENT
Title Influence of sun's radiation and particles on the earth's atmosphere and climate
Remainder of title 35th COSPAR scientific assembly held in France, Paris, 18-24 July 2004
Statement of responsibility, etc. edited by J. Lastovicka
260 ## - PUBLICATION, DISTRIBUTION, ETC.
Place of publication, distribution, etc. Paris
Name of publisher, distributor, etc. Elsevier
Date of publication, distribution, etc. 2005
650 ## - SUBJECT ADDED ENTRY--TOPICAL TERM
Topical term or geographic name entry element Earth atmosphere and Ccimate
9 (RLIN) 29689
650 ## - SUBJECT ADDED ENTRY--TOPICAL TERM
Topical term or geographic name entry element Sun's radiation
9 (RLIN) 29690
700 ## - ADDED ENTRY--PERSONAL NAME
Personal name Lastovicka, J., ed.
9 (RLIN) 29691
942 ## - ADDED ENTRY ELEMENTS (KOHA)
Koha item type Books
Holdings
Withdrawn status Lost status Damaged status Not for loan Home library Current library Shelving location Date acquired Total Checkouts Full call number Barcode Date last seen Price effective from Koha item type
        IIA Library-Bangalore IIA Library-Bangalore General Stacks 30/12/2005   523.9:523.31-852/ INF 16973 05/11/2021 30/12/2005 Books

Powered by Koha